<?xml version="1.0" encoding="UTF-8"?>
<record
    xmlns:xsi="http://www.w3.org/2001/XMLSchema-instance"
    xsi:schemaLocation="http://www.loc.gov/MARC21/slim http://www.loc.gov/standards/marcxml/schema/MARC21slim.xsd"
    xmlns="http://www.loc.gov/MARC21/slim">

  <leader>01703nam0a22002651  4500</leader>
  <controlfield tag="001">rc\769229</controlfield>
  <controlfield tag="005">20260407084046.0</controlfield>
  <datafield tag="035" ind1=" " ind2=" ">
    <subfield code="a">(NLR Aleph) 006296013</subfield>
  </datafield>
  <datafield tag="090" ind1=" " ind2=" ">
    <subfield code="a">7200788</subfield>
    <subfield code="c">7200788</subfield>
  </datafield>
  <datafield tag="100" ind1=" " ind2=" ">
    <subfield code="a">20040301d1985    |||y0rusy50      ca</subfield>
  </datafield>
  <datafield tag="101" ind1="0" ind2=" ">
    <subfield code="a">rus</subfield>
  </datafield>
  <datafield tag="102" ind1=" " ind2=" ">
    <subfield code="a">RU</subfield>
  </datafield>
  <datafield tag="105" ind1=" " ind2=" ">
    <subfield code="a">y   |||||||||</subfield>
  </datafield>
  <datafield tag="200" ind1="1" ind2=" ">
    <subfield code="a">&#x41E;&#x431; &#x43E;&#x43F;&#x44B;&#x442;&#x435; &#x440;&#x430;&#x431;&#x43E;&#x442;&#x44B; &#x444;&#x438;&#x43B;&#x43E;&#x441;&#x43E;&#x444;&#x441;&#x43A;&#x438;&#x445; (&#x43C;&#x435;&#x442;&#x43E;&#x434;&#x43E;&#x43B;&#x43E;&#x433;&#x438;&#x447;&#x435;&#x441;&#x43A;&#x438;&#x445;) &#x441;&#x435;&#x43C;&#x438;&#x43D;&#x430;&#x440;&#x43E;&#x432; &#x432;&#x44B;&#x441;&#x448;&#x438;&#x445; &#x443;&#x447;&#x435;&#x431;&#x43D;&#x44B;&#x445; &#x437;&#x430;&#x432;&#x435;&#x434;&#x435;&#x43D;&#x438;&#x439; &#x438; &#x43D;&#x430;&#x443;&#x447;&#x43D;&#x43E;-&#x438;&#x441;&#x441;&#x43B;&#x435;&#x434;&#x43E;&#x432;&#x430;&#x442;&#x435;&#x43B;&#x44C;&#x441;&#x43A;&#x438;&#x445; &#x438;&#x43D;&#x441;&#x442;&#x438;&#x442;&#x443;&#x442;&#x43E;&#x432; &#x41A;&#x443;&#x439;&#x431;&#x44B;&#x448;&#x435;&#x432;&#x441;&#x43A;&#x43E;&#x439; &#x43E;&#x431;&#x43B;&#x430;&#x441;&#x442;&#x438;</subfield>
    <subfield code="e">(&#x418;&#x43D;&#x444;&#x43E;&#x440;&#x43C;. &#x43C;&#x430;&#x442;&#x435;&#x440;&#x438;&#x430;&#x43B;&#x44B;)</subfield>
    <subfield code="e">[&#x41C;&#x430;&#x442;&#x435;&#x440;&#x438;&#x430;&#x43B;&#x44B; &#x43A;&#x43E;&#x43D;&#x444;., &#x41A;&#x443;&#x439;&#x431;&#x44B;&#x448;&#x435;&#x432;, 23 &#x43D;&#x43E;&#x44F;&#x431;. 1983 &#x433;.</subfield>
    <subfield code="f">&#x41E;&#x442;&#x432;. &#x440;&#x435;&#x434;. &#x42D;.&#x424;. &#x412;&#x43E;&#x43B;&#x43E;&#x434;&#x438;&#x43D; &#x438; &#x434;&#x440;.]</subfield>
  </datafield>
  <datafield tag="210" ind1=" " ind2=" ">
    <subfield code="a">&#x41C;.</subfield>
    <subfield code="c">&#x411;. &#x438;.</subfield>
    <subfield code="d">1985</subfield>
  </datafield>
  <datafield tag="215" ind1=" " ind2=" ">
    <subfield code="a">32 &#x441;.</subfield>
    <subfield code="d">21</subfield>
  </datafield>
  <datafield tag="300" ind1=" " ind2=" ">
    <subfield code="a">&#x412; &#x43D;&#x430;&#x434;&#x437;&#x430;&#x433;.: &#x426;&#x435;&#x43D;&#x442;&#x440;. &#x441;&#x43E;&#x432;&#x435;&#x442; &#x444;&#x438;&#x43B;&#x43E;&#x441;. (&#x43C;&#x435;&#x442;&#x43E;&#x434;&#x43E;&#x43B;.) &#x441;&#x435;&#x43C;&#x438;&#x43D;&#x430;&#x440;&#x43E;&#x432; &#x43F;&#x440;&#x438; &#x41F;&#x440;&#x435;&#x437;&#x438;&#x434;&#x438;&#x443;&#x43C;&#x435; &#x410;&#x41D; &#x421;&#x421;&#x421;&#x420;, &#x414;&#x43E;&#x43C; &#x43F;&#x43E;&#x43B;&#x438;&#x442;. &#x43F;&#x440;&#x43E;&#x441;&#x432;&#x435;&#x449;&#x435;&#x43D;&#x438;&#x44F; &#x41A;&#x443;&#x439;&#x431;&#x44B;&#x448;&#x435;&#x432;. &#x43E;&#x431;&#x43A;&#x43E;&#x43C;&#x430; &#x41A;&#x41F;&#x421;&#x421;</subfield>
  </datafield>
  <datafield tag="702" ind1=" " ind2="1">
    <subfield code="a">&#x412;&#x43E;&#x43B;&#x43E;&#x434;&#x438;&#x43D;</subfield>
    <subfield code="b">&#x42D;.&#x424;.</subfield>
    <subfield code="g">&#x42D;&#x434;&#x443;&#x430;&#x440;&#x434; &#x424;&#x435;&#x434;&#x43E;&#x440;&#x43E;&#x432;&#x438;&#x447;</subfield>
    <subfield code="4">340</subfield>
  </datafield>
  <datafield tag="712" ind1="0" ind2="2">
    <subfield code="a">&#x410;&#x41D; &#x421;&#x421;&#x421;&#x420;</subfield>
    <subfield code="b">&#x426;&#x435;&#x43D;&#x442;&#x440;&#x430;&#x43B;&#x44C;&#x43D;&#x44B;&#x439; &#x441;&#x43E;&#x432;&#x435;&#x442; &#x444;&#x438;&#x43B;&#x43E;&#x441;&#x43E;&#x444;&#x441;&#x43A;&#x438;&#x445; (&#x43C;&#x435;&#x442;&#x43E;&#x434;&#x43E;&#x43B;&#x43E;&#x433;&#x438;&#x447;&#x435;&#x441;&#x43A;&#x438;&#x445;) &#x441;&#x435;&#x43C;&#x438;&#x43D;&#x430;&#x440;&#x43E;&#x432;</subfield>
    <subfield code="3">RU\NLR\AUTH\8811554</subfield>
    <subfield code="9">295802</subfield>
  </datafield>
  <datafield tag="712" ind1="1" ind2="2">
    <subfield code="a">&#x41A;&#x443;&#x439;&#x431;&#x44B;&#x448;&#x435;&#x432;&#x441;&#x43A;&#x430;&#x44F; &#x43E;&#x431;&#x43B;. &#x43D;&#x430;&#x443;&#x447;.-&#x43F;&#x440;&#x430;&#x43A;&#x442;. &#x43A;&#x43E;&#x43D;&#x444;. &#x43D;&#x430; &#x442;&#x435;&#x43C;&#x443; "&#x421;&#x43E;&#x432;&#x435;&#x440;&#x448;&#x435;&#x43D;&#x441;&#x442;&#x432;&#x43E;&#x432;&#x430;&#x43D;&#x438;&#x435; &#x440;&#x430;&#x431;&#x43E;&#x442;&#x44B; &#x444;&#x438;&#x43B;&#x43E;&#x441;&#x43E;&#x444;&#x441;&#x43A;&#x438;&#x445; (&#x43C;&#x435;&#x442;&#x43E;&#x434;&#x43E;&#x43B;&#x43E;&#x433;&#x438;&#x447;&#x435;&#x441;&#x43A;&#x438;&#x445;) &#x441;&#x435;&#x43C;&#x438;&#x43D;&#x430;&#x440;&#x43E;&#x432; &#x432; &#x441;&#x432;&#x435;&#x442;&#x435; &#x440;&#x435;&#x448;&#x435;&#x43D;&#x438;&#x439; &#x438;&#x44E;&#x43D;&#x44C;&#x441;&#x43A;&#x43E;&#x433;&#x43E; (1983 &#x433;.) &#x41F;&#x43B;&#x435;&#x43D;&#x443;&#x43C;&#x430; &#x426;&#x41A; &#x41A;&#x41F;&#x421;&#x421;"</subfield>
    <subfield code="f">1983</subfield>
  </datafield>
  <datafield tag="801" ind1=" " ind2="0">
    <subfield code="a">RU</subfield>
    <subfield code="b">NLR</subfield>
    <subfield code="g">psbo</subfield>
  </datafield>
  <datafield tag="801" ind1=" " ind2="1">
    <subfield code="a">RU</subfield>
    <subfield code="b">ELAR</subfield>
    <subfield code="2">rusmarc</subfield>
  </datafield>
  <datafield tag="852" ind1=" " ind2=" ">
    <subfield code="a">NLR</subfield>
    <subfield code="j">85-6/4350</subfield>
  </datafield>
  <datafield tag="942" ind1=" " ind2=" ">
    <subfield code="c">BOOK</subfield>
  </datafield>
  <datafield tag="980" ind1=" " ind2=" ">
    <subfield code="a">NB</subfield>
  </datafield>
  <datafield tag="995" ind1=" " ind2=" ">
    <subfield code="5">2013-10-26</subfield>
    <subfield code="b">NLR01</subfield>
    <subfield code="c">NLR01</subfield>
    <subfield code="e">RF9</subfield>
    <subfield code="f">6296013-10</subfield>
    <subfield code="k">85-6/4350</subfield>
    <subfield code="o">0</subfield>
    <subfield code="r">BOOK</subfield>
    <subfield code="s">8564350_</subfield>
  </datafield>
</record>
